| 000 | 00765nam a2200241Ia 4500 | ||
|---|---|---|---|
| 003 | GCL | ||
| 008 | 140319s9999 xx 000 0 ara d | ||
| 040 |
_aGCL / _cGCL |
||
| 082 | 0 | 4 |
_a332.1 _bف م |
| 100 | 1 | _aفريد الصلح | |
| 245 | 1 | 0 |
_aالمصرف والاعمال المصرفية / _cفريد الصلح |
| 700 | 1 | _aموريس نصر | |
| 260 |
_aبيروت : _bالاهلية للنشر والتوزيع ، _c1989 |
||
| 300 |
_a256 ص ؛ _c19 سم |
||
| 490 | _a | ||
| 650 | 0 | 4 | _aالبنوك |
| 650 | 0 | 4 | _aالبنوك المركزية |
| 650 | 0 | 4 | _aالبنوك - قوانين وتشريعات |
| 650 | 0 | 4 | _aبنوك التسليف |
| 650 | 0 | 4 | _aالبنوك - اعتمادات |
| 650 | 0 | 4 | _aالبنوك - سندات |
| 942 |
_2ddc _cBK |
||
| 999 |
_c47797 _d47797 |
||